Word Ladder: Raphael Rascals Quiz Stats

Quiz Updated May 12, 2016

Challenge
Share
Tweet
Embed
Score 0/26 Timer 03:00
4 Plays Today
Clue 4-Letter Word % Correct
Price of somethingCOST
97.7%
Informal talkCHAT
97.6%
Opposite of a winLOSS
97.3%
Item on a library shelfBOOK
97.2%
TV show with Jack, Sawyer, Kate, and HurleyLOST
96.8%
David Schwimmer's character on 'Friends'ROSS
96.7%
Layer of paintCOAT
96.6%
✵ To view or watch ✵☁ LOOK ☁
96.2%
Cardinal direction of a sunsetWEST
96.1%
✵ Optimists see the glass as half ____☁ FULL ☁
95.9%
Arctic fish OR to scorchCHAR
95.7%
Celebration; follows Oktober- or lobster- FEST
95.7%
✵ Sonny Bono's former partner ✵☁ CHER ☁
95.5%
Clue 4-Letter Word % Correct
Ghost soundsBOOS
95.4%
Majority of somethingMOST
95.2%
Textile often used on pool tablesFELT
95.1%
Very light fogMIST
95.1%
Captured treasureLOOT
94.5%
Dropped or slippedFELL
94.3%
Decomposes, like fruit or woodROTS
93.5%
Lowe, Reiner, and Zombie, e.g.ROBS
93.1%
✵ Massages ✵☁ RUBS ☁
92.3%
Doubtful point OR practice courtMOOT
92.2%
Short form for android beingsBOTS
92%
✵ Archaic word meaning 'to know' ✵☁ WIST ☁
91.2%
Dull, unproductive spans of timeRUTS
88%

Today's Daily Dose

Word Ladder
KISS Hit

On This Day
January 22nd

You're not logged in!

Compare scores with friends on all Sporcle quizzes.
Sign Up with Email
OR
Log In

You Might Also Like...

Show Comments

Extras

Top Quizzes Today


Score Distribution

Your Account Isn't Verified!

In order to create a playlist on Sporcle, you need to verify the email address you used during registration. Go to your Sporcle Settings to finish the process.